| 000 | 02277nam a22003137a 4500 | ||
|---|---|---|---|
| 999 |
_c21876 _d21876 |
||
| 003 | AR-CdUCM | ||
| 008 | 190425b ||||| |||| 00| 0 spa d | ||
| 040 |
_aMUNICIPALIDAD PROVINCIAL DEL CUSCO _cBIBLIOTECA MUNICIPAL DEL CUSCO |
||
| 082 | _aRev.AHC/N°5/1954 | ||
| 110 |
_aArchivo Regional del Cusco _946600 |
||
| 245 |
_aRevista del Archivo Histórico del Cuzco / _cUniversidad Nacional del Cuzco |
||
| 260 |
_aCusco : _bEl Comercio, _c1954. |
||
| 300 |
_a426 páginas. : _bilustraciones ; _c21 cm. |
||
| 440 |
_aRevista del Archivo Histórico. _nAño V, 1954, N°5. _946615 |
||
| 500 | _aNúmero homenaje al Primer Congreso Nacional de Historia del Perú. | ||
| 505 | _aContenido: Esclavos varias escrituras sobre comercio de esclavos. Decreto de Tungasuca. Decreto de abolición. -- Documentos referentes a la Revolución de 1780. -- Arte Cuzqueño IV. -- Jurisdicción del Cuzco 1596. -- Mercaderías 1645. -- Cuatro testamentos Isabel Suárez o Chimpu Ocllo, Phelipe Tupa Amaro Betancur y Arbieto, José Agustín Chacón y Becerra, Joseph Portilla y Gálvez. -- Gran Mariscal don Ramón Castilla y Marquezado. -- Vencedores de Ayacucho 1825. -- Sobre libertad de imprenta 1826. -- ¿Bolognesi o Boloñesi? 1842. -- Homenaje monumental a Tupac Amaru. -- De la vida colonial en el siglo XVII 271 fichas y documentos de primera noticia. -- Galería de Cuzqueños ilustres. -- Oro y plata del Perú. 1534. -- Papeles coloniales 18 documentos varios. -- Doctor don Diego Esquivel y Navia. Poder, testamento, inventario. -- Único hijo del Mariscal Gamarra, tres escrituras. -- Últimos días virreinales, veinte documentos diversos. -- El sentido libertario de la Revolución de Tupac Amaru primer Congreso Nacional de Historia del Perú. -- Archivo del Colegio Nacional del Ciencias (continuación). | ||
| 650 |
_aDocumentos históricos _91122 |
||
| 650 |
_aPatrimonio documental _944090 |
||
| 650 |
_aHistoria del Cusco _91714 |
||
| 650 |
_aÉpoca colonial _946611 |
||
| 650 |
_aArchivo del Colegio Ciencias _946612 |
||
| 650 |
_aArte colonial _913403 |
||
| 650 |
_aArte cusqueño _913165 |
||
| 650 |
_aLevantamientos andinos _944095 |
||
| 700 |
_aCornejo Bouroncle, Jorge _915278 |
||
| 700 |
_aCovarrubias Pozo, Jesús _946044 |
||
| 942 |
_2ddc _cPP |
||
| 945 | _arac | ||